Vulfpeck Members - Statistics

General Stats
  • This quiz has been taken 33 times
  • The average score is 6 of 7
Answer Stats
Answer % Correct
Joe Dart
100%
Cory Wong
93%
Woody Goss
93%
Jack Stratton
90%
Theo Katzman
90%
Antwaun Stanley
83%
Joey Dosik
83%
No matching quizzes found
Score Distribution
Percent of People with Each Score
Percentile by Number Answered
Your Score History
You have not taken this quiz